| 000 | 01019nam a22003017a 4500 | ||
|---|---|---|---|
| 001 | 4534 | ||
| 003 | FISKH | ||
| 005 | 20250829144956.0 | ||
| 008 | 240913b cb ||||| |||| 00| 0 eng d | ||
| 020 | _a0590421298 | ||
| 040 |
_aFISKH _beng _cFISKH _dFISKH |
||
| 050 | _aPZ7.P4445 | ||
| 082 | _2813 | ||
| 100 |
_aPeterson, John _d(1924–2002) |
||
| 245 |
_aThe littles go to school / _cby John Peterson Illustrated by Roberta Carter Clark Cover illustration by Jacqueline Rogers |
||
| 250 | _aPublished in 1983 | ||
| 260 |
_aNew York : _bScholastic, _c1983. |
||
| 300 |
_a71 pages : _billustrations ; _c20cm |
||
| 505 | _aP | ||
| 520 | _aThe children of a family of tiny people accidentally travel to the big children's school when they are trapped in a gerbil's cage. | ||
| 521 | 8 |
_a610
_bLexile |
|
| 521 | 8 |
_aP
_bRaz-Plus |
|
| 650 |
_2School _aThe Littles |
||
| 650 |
_2Early reader _aFantasy fiction _vKids |
||
| 700 |
_aClark, Roberta Carter _dIllustrator |
||
| 942 |
_2ddc _cBK _n0 |
||
| 999 |
_c4534 _d4534 |
||